000 00417nam a2200169Ia 4500
001 5027
003 IN-NITTTR
005 20251114233005.0
008 251113s9999||||xx |||||||||||||| ||eng||
040 _beng
040 _cIN-NITTTR
041 _aeng
082 _a621.3 A23A
100 _aAnderson, Edwin P.
245 0 _aQuestions and answers for electricians examinations /
_cAnderson, Edwin P.
942 _2ddc
_cBK
999 _c7663
_d7663